| 000 | 01163nam a22003257a 4500 | ||
|---|---|---|---|
| 003 | CHAP | ||
| 005 | 20220329143918.0 | ||
| 008 | 120815s1973 ag a r 00010 spa d | ||
| 010 | _a103634 | ||
| 011 | _a104606 | ||
| 035 | _a115296 | ||
| 040 | _cCHAP | ||
| 082 | 0 | 4 |
_a306.7 _bS12 |
| 100 | 0 | 0 |
_aSagrera, Martín. _9101186 |
| 245 | 1 | 0 |
_aSociología de la sexualidad _c/por Martín Sagrera |
| 260 |
_aBuenos Aires : _bSiglo XX, _c1973 |
||
| 300 | _a222 p. | ||
| 505 | 0 | _aI. Sociología de la sexualidad. -- II. Control natal y revolución. -- Apéndice : manifiesto sobre la explosión poblacional en los Estados Unidos y en el mundo. -- III. Sadomasoquismo y sociedad | |
| 590 |
_aBATCH-UPD _b10 _c20130110 _lUCH01 _h0948 |
||
| 590 |
_aBATCH-UPD _b10 _c20130410 _lUCH01 _h0602 |
||
| 590 |
_aBATCH-UPD _b10 _c20130914 _lUCH01 _h1252 |
||
| 590 |
_aCONVERSION _b10 _c20130109 _lUCH01 _h1357 |
||
| 650 | 1 | 4 |
_aEducación sexual. _935598 |
| 650 | 1 | 4 |
_aSexo. _9105415 |
| 650 | 1 | 4 |
_aSexualidad humana. _9105427 |
| 650 | 1 | 4 |
_aSociología. _9108197 |
| 901 | _aBK | ||
| 942 | _cLIBRO | ||
| 949 |
_a306.7 S12 _bBC _cLIBRO _d33724002345272 _eLIBRO _gDonaciØn _h117281 _i115296 _st |
||
| 999 |
_c103634 _d103634 |
||